|
|
|
|
| LEADER |
01321nam a2200325 u 4500 |
| 001 |
10022748 |
| 003 |
upatras |
| 005 |
20210916082853.0 |
| 008 |
990123s1997 us eng |
| 020 |
|
|
|a 0078823951
|
| 040 |
|
|
|a GR-PaULI
|c GR-PaULI
|
| 041 |
0 |
|
|a eng
|
| 082 |
0 |
4 |
|a 005.44
|
| 100 |
1 |
|
|a Gunter, David
|4 aut
|9 122879
|
| 245 |
1 |
0 |
|a Windows NT & UNIX integration guide
|c David Gunter, Steven Burnett, Lola Gunter
|
| 260 |
|
|
|a Berkeley, CA
|b Osborne/McGraw-Hill
|c 1997
|
| 300 |
|
|
|a xxvi, 450 p.
|b fig., tab.
|c 23 cm.
|e 1 CD
|
| 490 |
0 |
|
|a Windows NT professional library
|
| 504 |
|
|
|a Includes index
|
| 650 |
|
4 |
|a Ηλεκτρονικοί υπολογιστές
|x Λειτουργικά συστήματα
|9 1420
|
| 650 |
|
4 |
|a UNIX
|9 24509
|
| 700 |
1 |
|
|a Burnett, Steven Forrest
|4 aut
|9 148286
|
| 700 |
1 |
|
|a Gunter, Lola
|4 aut
|9 122880
|
| 760 |
0 |
|
|a Windows NT professional library
|
| 852 |
|
|
|a GR-PaULI
|b ΠΑΤΡΑ
|b ΒΚΠ
|b ΒΣ1
|k ΑΣΧΞ
|h 005.43 G
|m 057099
|p 025000080464
|t 2
|
| 852 |
|
|
|a GR-PaULI
|b ΠΑΤΡΑ
|b ΒΚΠ
|b ΒΣ1
|k ΑΣΧΞ
|h 005.43 GUN
|m 044636
|p 025000057217
|t 1
|
| 942 |
|
|
|2 ddc
|c BK15
|
| 952 |
|
|
|0 0
|1 0
|4 0
|6 005_430000000000000_GUN
|7 0
|9 187758
|a LISP
|b LISP
|c BSC
|d 2016-04-24
|i 044636
|l 0
|o 005.43 GUN
|p 025000057217
|r 2016-04-24 00:00:00
|t 1
|w 2016-04-24
|y BK15
|
| 998 |
|
|
|c ΣΥΨΑ
|d 1999-06
|
| 999 |
|
|
|c 115814
|d 115814
|